000 02273cam a22003375a 4500
001 16799254
005 20240607163030.0
008 110526s2010 nyuab b 001 0 eng
010 _a 2011381373
015 _aGBB055113
_2bnb
016 7 _a015540520
_2Uk
020 _a9780061855894
035 _a(OCoLC)ocn620081768
040 _aUKM
_cUKM
_dBTCTA
_dYDXCP
_dBTA
_dVP@
_dWIM
_dC#P
_dCDX
_dSOR
_dDLC
042 _alccopycat
100 1 _aGonzález, Justo L.
245 1 4 _aThe story of Christianity.
_nVolume 2
_pThe Reformation to the Present Day /
_cJusto L. Gonzalez.
250 _aRev. and updated [ed.], 2nd ed.
260 _aNew York :
_bHarperCollins,
_cc2010.
300 _ax, 550 p. :
_bill., maps ;
_c23 cm.
336 _atext
337 _aunmediated
338 _avolume
504 _aIncludes bibliographical references and index.
505 0 _a v. 2. The Reformation to the present day The call for Reformation Martin Luther: pilgrimage to Reformation An uncertain decade Luther's theology Ulrich Zwingli and the Swiss Reformation The radical Reformation John Calvin The Reformation in Great Britain Further developments within Lutheranism The Reformation in the Low Countries Protestantism in France The Catholic Reformation Protestantism at the edges A convulsed age An age of dogma and doubt The Thirty Years' War The Church of the desert The Puritan Reformation Catholic Orthodoxy Lutheran Orthodoxy Reformed Orthodoxy The rationalist option The spiritualist option The pietist option The thirteen colonies An age beyond Christendom A shifting landscape: the United States A shifting landscape: Western Europe A shifting landscape: Latin America A shifting landscape: Eastern Christianity Protestant theology Catholicism in the face of modernity Geographic expansion Roman Catholic Christianity Crisis at the center: Protestantism in Europe Crisis at the center: Protestantism in the United States Vitality at the periphery A global history
650 0 _aChurch history
_yPrimitive and early church, ca. 30-600.
650 0 _aChurch history
_yMiddle Ages, 600-1500.
650 7 _aChurch history
_y30-600, Early church.
_2sears
650 7 _aChurch history
_y600-1500, Middle Ages.
_2sears
942 _2lcc
_cBK
999 _c52952
_d52952